| 000 | 01518nam a2200361 ia4500 | ||
|---|---|---|---|
| 003 | OSt | ||
| 005 | 20260525163942.0 | ||
| 008 | 260525t20252025nyuoab br 001 0 eng d | ||
| 020 |
_a9781510567047 _cRM137.50 _qhardback |
||
| 040 |
_aPPAK _beng _cPPAK _erda |
||
| 082 | 0 | 4 |
_a530.4 _223 |
| 090 | 0 | 0 |
_a530.4 _bCAR _dK |
| 100 | 1 |
_aCarr, Aaron, _eauthor. |
|
| 245 | 1 | 0 |
_aPROPERTIES of MATTER / _cAARON CARR AND LESLEY EVANS OGDEN |
| 264 | 1 |
_aNew York : _bLightbox Learning Inc., _c[2025?] |
|
| 264 | 4 | _c©2025 | |
| 300 |
_a24 pages : _bcolour photographs, colour illustrations, colour maps ; _c26 cm |
||
| 336 |
_atext _2rdacontent |
||
| 337 |
_aunmediated _2rdamedia |
||
| 338 |
_avolume _2rdacarrier |
||
| 490 | 1 | _aTHE BEGINNER'S GUIDE TO PHYSICS | |
| 500 | _aIncludes index. | ||
| 520 | _aEverything people can see and touch is an example of matter. The three states of matter most often observed are solids, liquids and gases. Matter can change from one state to another when the temperature is raised or lowered. Find out more in Properties of Matter, a title in The Beginner's Guide to Physics. | ||
| 521 | _aAges 8-11. | ||
| 650 | 1 | 0 |
_aMatter _vJuvenile literature |
| 650 | 1 | 0 |
_aProperties _vJuvenile literature |
| 650 | 2 | 0 |
_aChanges in state _vJuvenile literature |
| 650 | 2 | 0 |
_aPhysical science _vJuvenile literature |
| 650 | 2 | 0 | _aScience for children |
| 700 | 1 |
_aOgden, Lesley Evans, _eauthor. |
|
| 830 | 0 | _aThe beginner's guide to Physics | |
| 942 |
_2ddc _cB |
||
| 999 |
_c204451 _d204451 |
||